00828nam a22002177a 450000100060000000300080000600500170001400800410003103500190007204000320009104100080012308200210013110000240015224501940017626000860037030000350045650000350049150400510052665000200057765000130059732529BD-RjUL20211209051842.0140427s1928 ii bb 001 0 eng d a(BD-RjUL)32618 aDLCcDLCdDLCdBD-RjULbeng aeng04a295.82bREP 19281 aRezwi, S. M. Taher.10aParsis, a people of the book :bbeing a brief survey of Zoroastrian religion in the light of Biblical & Quranic teachings /cby S.M. Taher Rezwi ; with an introduction note by G.K. Nariman. aCalcutta :bThe Author ;aBombay :bTo be had of D.B. Taraporewala & Sons,c1928. axiii, 222 p. :bill. ;c18 cm. aMaster microform held by : DLC aIncludes bibliographical references and index. 0aZoroastrianism. 0aParsees.